Catálogo
 En Linea

Ritmos de tierra y mar : (Registro nro. 43873)

Detalles MARC
000 -CABECERA
campo de control de longitud fija 00645nam a2200169 a 4500
001 - NÚMERO DE CONTROL
campo de control 000044384
005 - FECHA Y HORA DE LA ÚLTIMA TRANSACCIÓN
campo de control 20201002045333.0
008 - DATOS DE LONGITUD FIJA--INFORMACIÓN GENERAL
campo de control de longitud fija 140626s1992 pr a 000 0 spa d
020 ## - NÚMERO INTERNACIONAL ESTÁNDAR DEL LIBRO
ISBN cancelado o inválido 0865814092
040 ## - FUENTE DE LA CATALOGACIÓN
Centro catalogador/agencia de origen DO-SdBNP
Lengua de catalogación spa
Centro/agencia transcriptor BNPHU
082 ## - NÚMERO DE LA CLASIFICACIÓN DECIMAL DEWEY
Número de clasificación xxxx
-- xxxx
100 1# - ENTRADA PRINCIPAL--NOMBRE DE PERSONA
Nombre de persona Freire de Matos, Isabel
9 (RLIN) 24966
245 10 - MENCIÓN DE TÍTULO
Título Ritmos de tierra y mar :
Resto del título poesía para niños /
Mención de responsabilidad, etc. Isabel Freire de Matos ; [diseño de portada e ilustraciones, María del Carmen "Poli" Marichal].
260 ## - PUBLICACIÓN, DISTRIBUCIÓN, ETC.
Lugar de publicación, distribución, etc. San Juan, Puerto Rico :
Nombre del editor, distribuidor, etc. Instituto de Cultura Puertorriqueña,
Fecha de publicación, distribución, etc. 1992.
300 ## - DESCRIPCIÓN FÍSICA
Extensión 143 p. :
Otras características físicas il. ;
Dimensiones 26 cm.
700 12 - PUNTO DE ACCESO ADICIONAL--NOMBRE DE PERSONA
Nombre de persona Poli Marichal, Maria del Carmen
Término indicativo de función/relación il
9 (RLIN) 72386
Existencias
Estado de retiro Estado de pérdida Restricciones de uso No para préstamo Código de colección Localización permanente Ubicación/localización actual Ubicación en estantería Fecha de adquisición Número de inventario Total de préstamos Signatura topográfica completa Código de barras Fecha visto por última vez Precio válido a partir de Tipo de ítem Koha
      Excluido de préstamo Monografías: Libros y Folletos Patrimonio Dominicano Patrimonio Dominicano En catalogación 26.06.2014 LF1   xxxx xxxx 44384-10 25.06.2020 25.06.2020 No se presta

Con tecnología Koha